L'opera italiana in música

Saved in:
Bibliografiske detaljer
Main Authors: Abbiati, Franco (Author), Barblan, G (Author), Confalonieri, G (Author), Damerini, A (Author), Della Corte, A (Author), Gavazzeni, G (Author), Giazotto, R (Author), Mila, M (Author), Pannain, G (Author), Parente, A (Author), Pastura, F (Author), Roncaglia, G (Author)
Format: Bog
Sprog:italiensk
Udgivet: Milán Rizzoli 1965
Fag:
Tags: Tilføj Tag
Ingen Tags, Vær først til at tagge denne postø!

MARC

LEADER 00000nam a2200000 a 4500
001 UCW2517
003 CL-VaPUC
008 920527e19650000IT |||||||||||||||||ita|d
082 0 4 |a 782.1094  |b ABB  |2 21 
100 0 |a Abbiati, Franco  |e author  |9 306710 
700 0 |a Barblan, G  |e author  |9 306711 
700 0 |a Confalonieri, G  |e author  |9 306712 
700 0 |a Damerini, A  |e author  |9 306713 
700 0 |a Della Corte, A  |e author  |9 306714 
700 0 |a Gavazzeni, G  |e author  |9 306715 
700 0 |a Giazotto, R  |e author  |9 306716 
700 0 |a Mila, M  |e author  |9 306717 
700 0 |a Pannain, G  |e author  |9 306718 
700 0 |a Parente, A  |e author  |9 306719 
700 0 |a Pastura, F  |e author  |9 306720 
700 0 |a Roncaglia, G  |e author  |9 306721 
245 1 2 |a L'opera italiana in música 
300 |a 183 p 
942 |c BK 
945 |d 19920527 00:00:00 
260 |a Milán  |b Rizzoli  |c 1965 
650 7 |a OPERA  |2 CL-VaPUC  |9 306722 
583 |a last modification  |c 19920527 00:00:00  |k Rodrigo Vera 
999 |c 217057  |d 217055 
952 |0 0  |1 0  |4 0  |6 782_109400000000000_ABB_1965  |7 0  |8 A  |9 203550  |a BIBEDU  |b BIBEDU  |d 2019-11-15  |i 2707853  |o 782.1094 ABB 1965  |p 2707853  |r 2023-01-12  |w 2019-11-15  |y BK  |k MUS